Statistics for Worldwide Airport Codes

Click here to take the quiz!

General Stats

  • This quiz has been taken 92 times
    (89 since last reset)
  • The average score is 58 of 100

Answer Stats

HintAnswer% Correct
JFKNew York
96%
LAXLos Angeles
94%
CDGParis
94%
SINSingapore
94%
SYDSydney
94%
HKGHong Kong
92%
MADMadrid
92%
MELMelbourne
92%
BOMMumbai
92%
SEASeattle
92%
OSLOslo
90%
BERBerlin
88%
CAICairo
88%
ISTIstanbul
88%
LASLas Vegas
88%
MANManchester
88%
SFOSan Francisco
88%
NRTTokyo
88%
WAWWarsaw
88%
HAVHavana
85%
LISLisbon
85%
MEXMexico City
85%
NBONairobi
85%
ATHAthens
83%
DOHDoha
83%
FRAFrankfurt
83%
JKTJakarta
83%
MNLManila
83%
MIAMiami
83%
CUNCancun
81%
PERPerth
81%
DFWDallas
79%
PRGPrague
79%
ZRHZurich
79%
BCNBarcelona
77%
DELDelhi
77%
LIMLima
77%
FCORome
77%
KULKuala Lumpur
73%
NCENice
73%
IADWashington
73%
NAPNaples
71%
IBZIbiza
69%
SOFSofia
69%
STNLondon
67%
DTWDetroit
65%
LUXLuxembourg
65%
SGNHo Chi Minh City
63%
INVInverness
63%
DMEMoscow
63%
AMMAmman
60%
ANKAnkara
60%
HANHanoi
60%
MXPMilan
60%
AUHAbu Dhabi
58%
MCOOrlando
58%
MDWChicago
56%
RIORio De Janeiro
56%
SAOSao Paulo
56%
BNEBrisbane
52%
YYCCalgary
52%
FLRFlorence
52%
YMQMontreal
50%
KEFReykjavik
46%
CMBColombo
44%
DPSDenpasar
42%
JUBJuba
42%
SLCSalt Lake City
42%
ABZAberdeen
40%
KTMKathmandu
40%
IEVKiev
35%
LOSLagos
35%
CHCChristchurch
33%
LXRLuxor
33%
MCTMuscat
33%
YQBQuebec
33%
SKPSkopje
33%
TFSTenerife
33%
AGPMalaga
29%
NCLNewcastle
29%
HKTPhuket
29%
DLMDalaman
27%
LBALeeds/Bradford
25%
RAKMarrakesh
25%
PUJPunta Cana
25%
BRSBristol
23%
ZTHZakynthos
23%
AEPBuenos Aires
19%
PIKGlasgow
19%
VRAVaradero
17%
BGIBridgetown
15%
GDNGdansk
15%
MAHMahon
15%
SSHSharm El Sheikh
15%
USMKoh Samui
13%
KGSKos
10%
BOJBourgas
8%
WICWick
8%
BRRBarra
2%
PYXPattaya
2%

Score Distribution

Percentile by Number Answered

Percent of People with Each Score

Your Score History

You have not taken this quiz since the last reset